000 01388cam a2200421 i 4500
005 20171212141715.0
008 070220s1997 pl a f f |001 0 pol c
020 _a8386827769
035 _azz2007822721
039 9 _a201707271239
_bkopilwa
_c201412091301
_dvub
_c201307200826
_dvus
_c201106270152
_dVLOAD
_y200702201003
_zawfkr
040 _aKR 122/TZ
_cKR 122/TZ
_dKR 122/MN
_dŁ U/MSs
100 1 _aKolman, Romuald
_d(1922- ).
245 1 0 _aNowoczesny system jakości :
_bporadnik dla przedsiębiorcy /
_cRomuald Kolman, Kazimierz Krukowski.
260 _aBydgoszcz :
_bTNOiK :
_bOficyna Wydawnicza Ośrodka Postępu Organizacyjnego,
_c1997.
300 _a389 s. :
_bil. ;
_c21 cm.
490 1 _aBiblioteka Menedżera i Służby Pracowniczej ;
_vz. 66/97
504 _aBibliogr. s. 370-375. Indeks.
650 _aKontrola jakości
_vporadniki.
650 _aZapewnienie jakości
_vporadniki.
700 1 _aKrukowski, Kazimierz
_c(maszynoznawstwo).
830 0 _aBiblioteka Menedżera i Służby Pracowniczej (1996)
_vz. 66
920 _a83-86827-76-9
953 _aKR_93
961 _aWA_310 WA_M
962 _aKR_U
964 _aKR_122
966 _aPOZN_U
967 _aLUBL_U
968 _aTOR_U TOR_WSB
970 _aWA_U
971 _aL_U
972 _aWR_U
973 _aKAT_001
979 _aBSTOK_U
980 _aSZCZ_M
982 _aBYDG_22
999 _aVIRTUA40
_c405
_d405